Rubber Board @75. 2. Rubber production department (Record no. 75061)
[ view plain ]
| 000 -LEADER | |
|---|---|
| fixed length control field | 00253nam a22000977a 4500 |
| 100 ## - MAIN ENTRY--AUTHOR NAME | |
| Personal name | Mathew, T.V. |
| 245 ## - TITLE STATEMENT | |
| Title | Rubber Board @75. 2. Rubber production department |
| 260 ## - PUBLICATION, DISTRIBUTION, ETC. (IMPRINT) | |
| Name of publisher | Rubber, 686(July): 2023. 9-12. |
| 650 ## - SUBJECT ADDED ENTRY--TOPICAL TERM | |
| Topical Term | Rubber board history |
| 942 ## - ADDED ENTRY ELEMENTS (KOHA) | |
| Koha item type | Journals |
| Withdrawn status | Lost status | Damaged status | Not for loan | Home library | Current library | Date acquired | Koha item type |
|---|---|---|---|---|---|---|---|
| RRII Library | RRII Library | 21/09/2023 | Journals |